| 000 -LEADER | |
|---|---|
| fixed length control field | 00431nam a22001817a 4500 |
| 005 - DATE AND TIME OF LATEST TRANSACTION | |
| control field | 20170919162258.0 |
| 008 - FIXED-LENGTH DATA ELEMENTS--GENERAL INFORMATION | |
| fixed length control field | 160914b xxu||||| |||| 00| 0 eng d |
| 020 ## - INTERNATIONAL STANDARD BOOK NUMBER | |
| ISBN | 978-81-8014-196-6 |
| 041 ## - LANGUAGE CODE | |
| Language code of text/sound track or separate title | eng |
| 082 ## - DEWEY DECIMAL CLASSIFICATION NUMBER | |
| Classification number | 629.222 |
| 100 ## - MAIN ENTRY--AUTHOR NAME | |
| Personal name | Singh,Dr Kirpal |
| 245 ## - TITLE STATEMENT | |
| Title | Automobile Engineering II |
| 250 ## - EDITION STATEMENT | |
| Edition statement | 13th |
| 260 ## - PUBLICATION, DISTRIBUTION, ETC. (IMPRINT) | |
| Name of publisher | Standard publication |
| Year of publication | 2013 |
| 300 ## - PHYSICAL DESCRIPTION | |
| Number of Pages | 732 |
| 650 ## - SUBJECT ADDED ENTRY--TOPICAL TERM | |
| Topical Term | Engineering |
| 942 ## - ADDED ENTRY ELEMENTS (KOHA) | |
| Koha item type | Books |
| Lost status | Damaged status | Collection code | Home library | Current library | Shelving location | Date acquired | Source of acquisition | Cost, normal purchase price | Full call number | Accession Number | Koha item type |
|---|---|---|---|---|---|---|---|---|---|---|---|
| Reference | JRU Library | SHELF-72-D | 14/09/2016 | PURCHASE | 375.00 | 629.222 | 21183 | Books | |||
| JRU Library | JRU Library | SHELF-15-G | 14/09/2016 | PURCHASE | 375.00 | 629.222 | 21184 | Books | |||
| JRU Library | JRU Library | SHELF-15-G | 14/09/2016 | PURCHASE | 375.00 | 629.222 | 21185 | Books | |||
| JRU Library | SHELF-47-M | 14/09/2016 | PURCHASE | 375.00 | 629.222 | 21186 | Books | ||||
| JRU Library | SHELF-47-M | 14/09/2016 | PURCHASE | 375.00 | 629.222 | 21187 | Books | ||||
| JRU Library | JRU Library | SHELF-15-G | 19/09/2017 | Purchase | 375.00 | 629.222 | 22057 | Books | |||
| JRU Library | JRU Library | SHELF-15-G | 19/09/2017 | Purchase | 375.00 | 629.222 | 22058 | Books | |||
| JRU Library | SHELF-47-M | 19/09/2017 | Purchase | 375.00 | 629.222 | 22059 | Books |